Mastering C++ Programs (Record no. 7929)
[ view plain ]
| 000 -LEADER | |
|---|---|
| fixed length control field | 00260nam a2200109Ia 4500 |
| 008 - FIXED-LENGTH DATA ELEMENTS--GENERAL INFORMATION | |
| fixed length control field | 191201s2010 xx 000 0 und d |
| 100 ## - MAIN ENTRY--PERSONAL NAME | |
| Personal name | DIXIT, JB |
| 245 #0 - TITLE STATEMENT | |
| Title | Mastering C++ Programs |
| 250 ## - EDITION STATEMENT | |
| Edition statement | rep |
| 260 ## - PUBLICATION, DISTRIBUTION, ETC. (IMPRINT) | |
| Date of publication, distribution, etc | 2010 |
| Name of publisher, distributor, etc | firewall |
| Place of publication, distribution, etc | NEW DELHI |
| 942 ## - ADDED ENTRY ELEMENTS (KOHA) | |
| Source of classification or shelving scheme | Dewey Decimal Classification |
| Koha item type | Text Books |
| 942 ## - ADDED ENTRY ELEMENTS (KOHA) | |
| -- | 8 |
| Withdrawn status | Lost status | Source of classification or shelving scheme | Damaged status | Not for loan | Collection code | Home library | Current library | Date acquired | Source of acquisition | Cost, normal purchase price | Bill Number | Total Checkouts | Full call number | Acc. no. / Barcode | Date last seen | Date last borrowed | Actual Cost, discounted price | Bill Date | Koha item type |
|---|---|---|---|---|---|---|---|---|---|---|---|---|---|---|---|---|---|---|---|
| Dewey Decimal Classification | MCA | PIET C-LIBRARY | PIET C-LIBRARY | 02/09/2015 | KIRTI PRAKASHAN, NEW DELHI | 375.00 | IN2169 | 3 | 005.133 DIM | 25318 | 07/11/2022 | 03/11/2022 | 277.50 | 04/02/2015 | Text Books | ||||
| Dewey Decimal Classification | Computer Science & Engineering in Cyber Security | PIET C-LIBRARY | PIET C-LIBRARY | 02/09/2015 | KIRTI PRAKASHAN, NEW DELHI | 375.00 | IN2169 | 4 | 005.133 DIM | 25319 | 25/02/2022 | 17/02/2022 | 277.50 | 04/02/2015 | Text Books | ||||
| Dewey Decimal Classification | BCA | PIET C-LIBRARY | PIET C-LIBRARY | 22/01/2015 | KIRTI PRAKASHAN, NEW DELHI | 375.00 | IN2126 | 1 | 005.133 DIM | BC1077 | 30/01/2020 | 14/01/2020 | 277.50 | 22/01/2015 | Text Books | ||||
| Dewey Decimal Classification | BCA | PIET C-LIBRARY | PIET C-LIBRARY | 02/04/2015 | KIRTI PRAKASHAN, NEW DELHI | 375.00 | IN-2171 | 3 | 005.133 DIM | BC1096 | 30/07/2024 | 18/07/2024 | 277.50 | 04/02/2015 | Text Books |